000 00633nam a22002057a 4500
003 GBCCL
005 20251112112135.0
008 251112b |||||||| |||| 00| 0 eng d
020 _a9780878084470
020 _a0878084479
040 _cGBC
082 _a254.1
_bPAT 1
100 _aPatterson, George
245 _aChurch multiplication guide :
_bthe miracle of church reproduction /
_cGeorge Patterson, Richard Scoggins
260 _aPasadena, Calif., ;
_bW. Carey Library,
_c©2002
300 _a261 pages :
_billustrations ;
_c23 cm
650 _aChurch development, New
650 _aChurch growth
942 _2ddc
_cBK
_n0
999 _c11021
_d11021